De la conciencia étnica a la lucha de clases /

Furkejuvvon:
Bibliográfalaš dieđut
Váldodahkki: Reyes, Miguel Angel
Searvvušdahkkit: Instituto Centroamericano de Documentación e Investigación Social, ICADIS
Materiálatiipa: Texto
Almmustuhtton: s.l.: ICADIS
Fáddágilkorat: Lasit fáddágilkoriid
Eai fáddágilkorat, Lasit vuosttaš fáddágilkora!

MARC

LEADER 00000 a a2200000 04500
001 22257
003
040
090 |a 151100  
100 |a Reyes, Miguel Angel  
110 |a Instituto Centroamericano de Documentación e Investigación Social  
245 |a De la conciencia étnica a la lucha de clases /  |c Instituto Centroamericano de Documentación e Investigación Social  
260 |a s.l.:   |b ICADIS  
300 |a 110 p.   |b **no definido**  
710 |a ICADIS  
999 |c 7448  |d 7448